[Event "TOP 16"]
[Site "Clichy"]
[Date "2007.06.03"]
[Round "11.1"]
[White "Vaisser, Anatoly"]
[Black "Bricard, Emmanuel"]
[Result "1/2-1/2"]
[WhiteElo "2545"]
[BlackElo "2472"]
[PlyCount "130"]
[EventDate "2007.??.??"]
[WhiteTeam "Antibes"]
[BlackTeam "Mulhouse"]

1. d4 d5 2. c4 e6 3. Nc3 Nf6 4. cxd5 exd5 5. Bg5 c6 6. e3 Be7 7. Bd3 Nbd7 8.
Nge2 Nf8 9. Qc2 Ne6 10. Bh4 g6 11. f3 O-O 12. O-O b6 13. Rad1 Bb7 14. Kh1 Rc8
15. Bf2 c5 16. dxc5 bxc5 17. Bc4 Qa5 18. Nxd5 Nxd5 19. Bxd5 Bxd5 20. Rxd5 Qxa2
21. Nc3 Qc4 22. Rc1 Rfd8 23. b3 Qa6 24. Rxd8+ Rxd8 25. Rd1 Rxd1+ 26. Qxd1 Bf6
27. Nd5 Bb2 28. h4 c4 29. Qf1 Qb5 30. Qxc4 Qxc4 31. bxc4 a5 32. Nb6 Ba3 33. Be1
Bb4 34. Bxb4 axb4 35. Na4 f5 36. Kg1 Kf7 37. Kf2 Kf6 38. Ke2 f4 39. Nb2 g5 40.
hxg5+ Kxg5 41. exf4+ Kxf4 42. Kf2 b3 43. g3+ Kf5 44. Ke3 h5 45. Nd3 Kf6 46. Nb2
Kf5 47. Nd1 Nc5 48. Kd4 Na4 49. Nc3 b2 50. Nb1 Kg5 51. c5 h4 52. gxh4+ Kxh4 53.
c6 Kg5 54. Ke5 Kg6 55. Ke6 Kg5 56. Ke5 Kg6 57. c7 Nb6 58. Ke6 Kg5 59. Ke5 Nd7+
60. Kd6 Nb6 61. Ke5 Nd7+ 62. Ke4 Nb6 63. f4+ Kf6 64. f5 Nc8 65. Nc3 Nd6+
1/2-1/2

[Event "TOP 16"]
[Site "Clichy"]
[Date "2007.06.03"]
[Round "11.2"]
[White "Wirig, Anthony"]
[Black "Kotronias, Vasilios"]
[Result "0-1"]
[WhiteElo "2443"]
[BlackElo "2570"]
[PlyCount "106"]
[EventDate "2007.??.??"]
[WhiteTeam "Mulhouse"]

1. d4 Nf6 2. Nf3 g6 3. c4 Bg7 4. g3 O-O 5. Bg2 d6 6. O-O Nbd7 7. Nc3 e5 8. h3
c6 9. dxe5 dxe5 10. Be3 Qe7 11. Qb3 Re8 12. Rfd1 Nf8 13. Rac1 h5 14. Ng5 Bf5
15. a3 Ne6 16. Nxe6 Qxe6 17. Qxb7 e4 18. Qc7 Bxh3 19. Qd6 Qc8 20. Bd4 Bxg2 21.
Kxg2 Ng4 22. Bxg7 Kxg7 23. Qd7 Qa6 24. Qd4+ Nf6 25. Qc5 Re6 26. Rd6 Rxd6 27.
Qxd6 Qxc4 28. Rd1 Re8 29. Rd4 Qa6 30. Ra4 Qb7 31. Rb4 Qc8 32. Rc4 Re6 33. Qd4
h4 34. gxh4 Qh8 35. Qxa7 Qxh4 36. Qb8 Nh5 37. e3 Qg4+ 38. Kf1 Qf3 39. Qh2 Nf6
40. Qg2 Qh5 41. Ke1 c5 42. Kd2 Re5 43. Kc2 Rf5 44. Kb3 Rf3 45. a4 Qf5 46. Qh1
Rxf2 47. a5 Qe6 48. Na4 Rf3 49. Qc1 Nd7 50. Ka3 Rxe3+ 51. b3 Rd3 52. Qc2 Qd6
53. Nc3 f5 0-1

[Event "TOP 16"]
[Site "Clichy"]
[Date "2007.06.03"]
[Round "11.3"]
[White "Miralles, Gilles"]
[Black "Georgiev, Vladimir"]
[Result "1/2-1/2"]
[WhiteElo "2486"]
[BlackElo "2540"]
[PlyCount "27"]
[EventDate "3.??.??"]
[WhiteTeam "Antibes"]
[BlackTeam "Mulhouse"]

1. e4 c5 2. Nf3 Nc6 3. d4 cxd4 4. Nxd4 Nf6 5. Nc3 d6 6. Bc4 Bd7 7. O-O g6 8.
Nxc6 bxc6 9. Qe1 Bg7 10. e5 dxe5 11. Qxe5 O-O 12. Qc5 Bf5 13. Bb3 Qd6 14. Qxd6
1/2-1/2

[Event "TOP 16"]
[Site "Clichy"]
[Date "2007.06.03"]
[Round "11.4"]
[White "Schmitt, Fabien"]
[Black "Acher, Mathieu"]
[Result "0-1"]
[WhiteElo "2164"]
[BlackElo "2363"]
[PlyCount "94"]
[EventDate "2007.??.??"]
[WhiteTeam "Mulhouse"]

1. d4 d5 2. Nf3 Nc6 3. g3 Bg4 4. Bg2 Qd7 5. h3 Bf5 6. c3 e6 7. Nh4 Be4 8. f3
Bd6 9. f4 g5 10. Nf3 gxf4 11. Bxf4 Nge7 12. e3 Nf5 13. Kf2 f6 14. g4 Nfe7 15.
Nbd2 Bxf4 16. exf4 Qd6 17. Nxe4 dxe4 18. Nd2 Qxf4+ 19. Ke2 f5 20. Qf1 Qg3 21.
Rg1 Qd3+ 22. Kd1 Qxf1+ 23. Bxf1 Nd5 24. Bb5 O-O-O 25. Kc2 Nce7 26. Rae1 h5 27.
gxf5 exf5 28. Rg5 h4 29. Nxe4 fxe4 30. Rxe4 c6 31. Be2 Rdg8 32. Bg4+ Kd8 33.
Rge5 Rh7 34. Re6 Nc8 35. c4 Nc7 36. Rf6 Ne8 37. Rff4 Ncd6 38. Re2 Rf7 39. Rxf7
Nxf7 40. Be6 Rg7 41. d5 Ng5 42. Bg4 Nf6 43. Bf5 Nf3 44. Kd3 cxd5 45. Re6 Nd7
46. Ke3 Rg3 47. Kf4 Nd4 0-1

[Event "TOP 16"]
[Site "Clichy"]
[Date "2007.06.03"]
[Round "11.5"]
[White "Perez, Flavio"]
[Black "Blum, Nicolas"]
[Result "1/2-1/2"]
[WhiteElo "2223"]
[BlackElo "2124"]
[PlyCount "121"]
[EventDate "2007.??.??"]
[WhiteTeam "Antibes"]
[BlackTeam "Mulhouse"]

1. g3 d5 2. Bg2 Nf6 3. d3 e5 4. Nd2 Nc6 5. e4 dxe4 6. dxe4 Bc5 7. Ngf3 h6 8.
O-O Be6 9. c3 a5 10. Qe2 O-O 11. Nc4 Nd7 12. Rd1 Qf6 13. Ne3 Ne7 14. Nd5 Nxd5
15. exd5 Bg4 16. h3 Bh5 17. g4 Bg6 18. Be3 Bd6 19. Nd2 Qh4 20. Qb5 Rad8 21. Nf3
Qe7 22. Re1 b6 23. Bf4 f6 24. Nh4 Bh7 25. Bg3 Nc5 26. Rad1 e4 27. b4 Bxg3 28.
fxg3 axb4 29. cxb4 Nb7 30. Nf5 Bxf5 31. gxf5 Nd6 32. Qf1 Ra8 33. Qf2 Ra3 34. g4
Rfa8 35. Re2 Qe5 36. Rc2 R8a7 37. Qe2 Qf4 38. Rd4 Rg3 39. Qf2 Qxf2+ 40. Kxf2
Rga3 41. Bxe4 Rxa2 42. Rxa2 Rxa2+ 43. Kg3 Kf8 44. Kf4 Ra3 45. Rd3 Rxd3 46. Bxd3
Ke7 47. Ke3 Nf7 48. Be4 Kd6 49. Kd4 Ne5 50. Kc3 Nd7 51. Kd4 Nb8 52. b5 Nd7 53.
Bd3 Ne5 54. Be4 Nf7 55. Bf3 Ke7 56. Be4 Ng5 57. Bg2 Kd6 58. h4 Nf7 59. Bf3 Kd7
60. Be2 Ke7 61. Bd3 1/2-1/2

[Event "TOP 16"]
[Site "Clichy"]
[Date "2007.06.03"]
[Round "11.6"]
[White "Muller, Anne"]
[Black "Stoppa, Omar"]
[Result "1/2-1/2"]
[WhiteElo "2187"]
[BlackElo "2227"]
[PlyCount "146"]
[EventDate "2007.??.??"]
[WhiteTeam "Mulhouse"]

1. e4 e6 2. d4 d5 3. Nd2 Nf6 4. e5 Nfd7 5. Bd3 c5 6. c3 Nc6 7. Ne2 Qb6 8. Nf3
Be7 9. O-O cxd4 10. cxd4 O-O 11. Nc3 f6 12. exf6 Bxf6 13. Be3 g6 14. Na4 Qc7
15. Be2 Nb6 16. Nc5 e5 17. Rc1 exd4 18. Nxd4 Nxd4 19. Bxd4 Bxd4 20. Qxd4 Qg7
21. Qxg7+ Kxg7 22. Rfd1 Rb8 23. Bf3 Rd8 24. Rd4 Kf6 25. Re1 g5 26. Red1 Be6 27.
g3 Bf7 28. Bg2 Rdc8 29. b4 Rc7 30. a4 Rd8 31. a5 Nd7 32. Nb3 Ne5 33. f4 gxf4
34. Rxf4+ Kg7 35. Nd4 Ng6 36. Rf2 Bg8 37. Nf5+ Kh8 38. Rfd2 Ne7 39. Nd4 a6 40.
Re1 Ng6 41. Ne6 Bxe6 42. Rxe6 Ne7 43. Re5 Nc6 44. Rexd5 Rxd5 45. Rxd5 Nxb4 46.
Rd8+ Kg7 47. Rb8 Nc6 48. Bxc6 bxc6 49. Rb6 c5 50. Kf2 c4 51. Ke2 c3 52. Kd1
Rd7+ 53. Kc2 Rd2+ 54. Kxc3 Rxh2 55. Rxa6 Rg2 56. Rd6 Rxg3+ 57. Rd3 Rg6 58. Rd7+
Kh6 59. Kb4 Rg1 60. a6 Rb1+ 61. Kc5 Ra1 62. a7 Kg6 63. Kb6 Rb1+ 64. Kc7 Ra1 65.
Rd6+ Kg5 66. Kb7 Rxa7+ 67. Kxa7 h5 68. Kb6 h4 69. Kc5 h3 70. Rd8 Kf4 71. Kd4 h2
72. Rh8 Kg3 73. Ke3 Kg2 1/2-1/2

[Event "TOP 16"]
[Site "Clichy"]
[Date "2007.06.03"]
[Round "11.7"]
[White "Ianniello, Riccardo"]
[Black "Nass, Emile"]
[Result "1-0"]
[WhiteElo "2276"]
[BlackElo "2071"]
[PlyCount "55"]
[EventDate "3.??.??"]
[WhiteTeam "Antibes"]
[BlackTeam "Mulhouse"]

1. e4 e6 2. Nf3 d5 3. e5 c5 4. c3 Nc6 5. Bb5 Qb6 6. a4 f6 7. O-O fxe5 8. Nxe5
Nf6 9. d4 Bd6 10. dxc5 Bxc5 11. b4 Bd6 12. Nc4 Bxh2+ 13. Kxh2 dxc4 14. Qd6 Kf7
15. Be3 Qd8 16. Qxd8 Rxd8 17. f3 e5 18. Na3 Be6 19. Bxc4 Rac8 20. Rad1 Rxd1 21.
Rxd1 e4 22. Nb5 Bxc4 23. Nd6+ Kg6 24. Nxc8 exf3 25. gxf3 Ne5 26. Rg1+ Nfg4+ 27.
fxg4 Nf3+ 28. Kg3 1-0

[Event "TOP 16"]
[Site "Clichy"]
[Date "2007.06.03"]
[Round "11.1"]
[White "Schlosser, Philipp"]
[Black "Relange, Eloi"]
[Result "1/2-1/2"]
[WhiteElo "2565"]
[BlackElo "2476"]
[PlyCount "36"]
[EventDate "3.??.??"]
[WhiteTeam "Bischwiller"]
[BlackTeam "Evry"]

1. c4 g6 2. g3 Bg7 3. Bg2 e5 4. Nc3 d6 5. d3 h5 6. Nf3 Nc6 7. b3 e4 8. Nxe4
Bxa1 9. Bg5 Bc3+ 10. Nxc3 f6 11. Bd2 Ne5 12. O-O h4 13. d4 Nxf3+ 14. exf3 hxg3
15. fxg3 Bh3 16. Re1+ Kf8 17. Bh1 Qd7 18. d5 Re8 1/2-1/2

[Event "TOP 16"]
[Site "Clichy"]
[Date "2007.06.03"]
[Round "11.2"]
[White "Feller, Sebastien"]
[Black "Asrian, Karen"]
[Result "1/2-1/2"]
[WhiteElo "2445"]
[BlackElo "2635"]
[PlyCount "48"]
[EventDate "3.??.??"]
[WhiteTeam "Evry"]

1. d4 d5 2. Nf3 c6 3. c4 Nf6 4. e3 Bf5 5. Nc3 e6 6. Bd3 Bxd3 7. Qxd3 Nbd7 8.
O-O Bb4 9. Bd2 a5 10. a3 Be7 11. Rfd1 O-O 12. e4 dxe4 13. Nxe4 Qb6 14. Rab1 Qa6
15. Nxf6+ Bxf6 16. Bg5 Bxg5 17. Nxg5 Nf6 18. Rbc1 Rad8 19. Nf3 a4 20. c5 Qxd3
21. Rxd3 Rd5 22. Rc4 Nd7 23. Re3 Ra8 24. Rb4 Ra7 1/2-1/2

[Event "TOP 16"]
[Site "Clichy"]
[Date "2007.06.03"]
[Round "11.3"]
[White "Pinter, Jozsef"]
[Black "Sebag, Marie"]
[Result "1/2-1/2"]
[WhiteElo "2525"]
[BlackElo "2479"]
[PlyCount "61"]
[EventDate "3.??.??"]
[WhiteTeam "Bischwiller"]
[BlackTeam "Evry"]

1. c4 c6 2. e4 d5 3. exd5 cxd5 4. d4 Nf6 5. Nc3 Nc6 6. Bg5 e6 7. Nf3 Be7 8. Be2
O-O 9. O-O dxc4 10. Bxc4 a6 11. a4 b6 12. Qd3 Bb7 13. Rad1 Qc7 14. Bxf6 Bxf6
15. Ne4 Nb4 16. Nxf6+ gxf6 17. Qb3 Nd5 18. Rfe1 Kh8 19. Bf1 Rac8 20. Nd2 Rg8
21. g3 Rg4 22. Nc4 Rcg8 23. Be2 Rh4 24. Bf3 Nf4 25. Rc1 Nh3+ 26. Kf1 Rxd4 27.
Nxb6 Rd2 28. Qe3 Qf4 29. Re2 Rxe2 30. Bxe2 f5 31. Bd3 {illisible} 1/2-1/2

[Event "TOP 16"]
[Site "Clichy"]
[Date "2007.06.03"]
[Round "11.4"]
[White "Marcelin, Cyril"]
[Black "Wagner, Claude"]
[Result "1/2-1/2"]
[WhiteElo "2493"]
[BlackElo "2365"]
[PlyCount "36"]
[EventDate "3.??.??"]
[WhiteTeam "Evry"]

1. d4 d5 2. c4 c6 3. Nc3 Nf6 4. e3 a6 5. Nf3 b5 6. c5 g6 7. Bd3 Bg7 8. h3 O-O
9. O-O Nbd7 10. Re1 Re8 11. e4 b4 12. Na4 dxe4 13. Bxe4 Nxe4 14. Rxe4 Nf6 15.
Rh4 e5 16. Nb6 e4 17. Nxa8 exf3 18. Nb6 Ne4 1/2-1/2

[Event "TOP 16"]
[Site "Clichy"]
[Date "2007.06.03"]
[Round "11.5"]
[White "Mensch, Etienne"]
[Black "Chabanon, Jean-Luc"]
[Result "0-1"]
[WhiteElo "2348"]
[BlackElo "2426"]
[PlyCount "96"]
[EventDate "2007.??.??"]
[WhiteTeam "Bischwiller"]
[BlackTeam "Evry"]

1. d4 d5 2. c4 e6 3. Nc3 c6 4. cxd5 exd5 5. Nf3 Bf5 6. a3 Bd6 7. Bg5 Qb6 8. Qd2
Nd7 9. e3 Ngf6 10. Bxf6 Nxf6 11. Be2 O-O 12. O-O a5 13. Bd3 Bd7 14. Qe2 g6 15.
Rfe1 Rfe8 16. Nd2 Qd8 17. Nf1 b6 18. Red1 Qe7 19. Re1 Qf8 20. e4 dxe4 21. Nxe4
Nxe4 22. Bxe4 Rac8 23. Qd2 Qg7 24. Bf3 Qf6 25. Ng3 Qh4 26. Qd3 b5 27. Rac1 b4
28. axb4 axb4 29. Re4 Rxe4 30. Qxe4 Qh6 31. Rd1 Be6 32. Qd3 Qf4 33. Qa6 h5 34.
d5 cxd5 35. Bxd5 Rc1 36. Qf1 Bxd5 37. Rxc1 h4 38. Rd1 hxg3 39. hxg3 Qe4 40. Re1
Qc4 41. Re8+ Kg7 42. Qd1 Bc5 43. Qd2 b3 44. Rd8 Be6 45. Qg5 Bf5 46. Ra8 Qe2 47.
Qf4 Qe1+ 48. Kh2 Bxf2 0-1

[Event "TOP 16"]
[Site "Clichy"]
[Date "2007.06.03"]
[Round "11.6"]
[White "Beudaert, Xavier"]
[Black "Heinz, Timothee"]
[Result "1-0"]
[WhiteElo "2339"]
[BlackElo "2289"]
[PlyCount "67"]
[EventDate "3.??.??"]
[WhiteTeam "Evry"]

1. Nf3 Nf6 2. c4 c5 3. g3 d5 4. cxd5 Nxd5 5. Bg2 Nc6 6. Nc3 Nc7 7. O-O e5 8. d3
Be7 9. Be3 Ne6 10. Nd2 Bd7 11. Nd5 O-O 12. a3 Ncd4 13. Nc4 f6 14. Bxd4 Nxd4 15.
Nxe7+ Qxe7 16. Bxb7 Rab8 17. Bg2 Be6 18. Rb1 Rfd8 19. e3 Nb3 20. Qc2 Qd7 21.
Be4 Qb5 22. Rfd1 Bg4 23. Re1 a5 24. a4 Qxa4 25. Nd2 Be6 26. Nxb3 Qxb3 27. Qxc5
a4 28. Rec1 f5 29. Bf3 Rxd3 30. Qxe5 a3 31. bxa3 Qxb1 32. Qxe6+ Kh8 33. Rxb1
Rxb1+ 34. Kg2 1-0

[Event "TOP 16"]
[Site "Clichy"]
[Date "2007.06.03"]
[Round "11.7"]
[White "Schmitt, Andre"]
[Black "Bergez, Luc"]
[Result "1/2-1/2"]
[WhiteElo "2302"]
[BlackElo "2398"]
[PlyCount "113"]
[EventDate "2007.??.??"]
[WhiteTeam "Bischwiller"]
[BlackTeam "Evry"]

1. e4 d5 2. exd5 Nf6 3. Bb5+ Bd7 4. Be2 Nxd5 5. d4 Bf5 6. Nf3 e6 7. O-O Be7 8.
Re1 O-O 9. c3 c5 10. a3 Qc7 11. Bf1 Rd8 12. Qb3 Nc6 13. c4 Nf6 14. dxc5 Bxc5
15. h3 Bxh3 16. Be3 Bxe3 17. Qxe3 Bf5 18. Nbd2 h6 19. Qc3 e5 20. Nxe5 Rxd2 21.
Nxc6 Ng4 22. Ne7+ Kh8 23. Qg3 Qxg3 24. fxg3 Be6 25. b4 Rad8 26. Ng6+ Kg8 27.
Nf4 Bf5 28. Nd5 Kf8 29. Ne3 Nxe3 30. Rxe3 Rc2 31. c5 Rdd2 32. Rae1 Be6 33. R1e2
Rxe2 34. Bxe2 Ke7 35. Bf3 b6 36. cxb6 axb6 37. Re5 Kd6 38. Re3 Bc4 39. g4 Rb2
40. Re4 Be6 41. a4 Ra2 42. a5 bxa5 43. bxa5 Rxa5 44. Kf2 f5 45. gxf5 Rxf5 46.
Rb4 Bd5 47. Rb6+ Ke7 48. Rb5 Be4 49. Rxf5 Bxf5 50. g3 Kf6 51. Be2 Be4 52. Bb5
Kg5 53. Be2 h5 54. Bd1 h4 55. gxh4+ Kxh4 56. Be2 Kh3 57. Kg1 1/2-1/2

[Event "TOP 16"]
[Site "Clichy"]
[Date "2007.06.03"]
[Round "11.8"]
[White "Leroy, Didier"]
[Black "Lallemand, Roza"]
[Result "0-1"]
[WhiteElo "2305"]
[BlackElo "2222"]
[PlyCount "92"]
[EventDate "2007.??.??"]
[WhiteTeam "Evry"]

1. d4 Nf6 2. c4 g6 3. Nc3 Bg7 4. e4 d6 5. h3 O-O 6. Nf3 e5 7. d5 a5 8. Bg5 Qe8
9. Qd2 Nfd7 10. Bh6 Nc5 11. g4 Nba6 12. Be2 Bd7 13. h4 Bxg4 14. h5 Bxf3 15.
Bxf3 Bxh6 16. Qxh6 Qe7 17. O-O-O g5 18. Bg4 f6 19. a3 Qg7 20. Qxg7+ Kxg7 21.
h6+ Kg8 22. Kc2 Rfd8 23. Bf5 a4 24. Rhg1 c6 25. Rg3 Nc7 26. Ne2 Kh8 27. f4 exf4
28. Nxf4 cxd5 29. cxd5 Rf8 30. Nh5 Rae8 31. Rc3 Nb5 32. Rc4 Re7 33. Ng7 Rxg7
34. hxg7+ Kxg7 35. Kd2 h5 36. Ke3 Rh8 37. Rdc1 Kh6 38. Rb4 Nc7 39. Rb6 Ne8 40.
Rxc5 dxc5 41. e5 g4 42. Bd7 Kg5 43. Bxe8 Rxe8 44. e6 Kf5 45. Rxb7 h4 46. Kf2
Rh8 0-1